|
|
|
|
| LEADER |
02376nam a2200517 i 4500 |
| 001 |
EBC1823662 |
| 003 |
MiAaPQ |
| 005 |
20200903223051.0 |
| 006 |
m o d | |
| 007 |
cr cnu|||||||| |
| 008 |
141106t20142014ne a ob 001 0 eng d |
| 020 |
|
|
|z 9789004271326
|
| 020 |
|
|
|a 9789004271319
|q (electronic bk.)
|
| 035 |
|
|
|a (MiAaPQ)EBC1823662
|
| 035 |
|
|
|a (Au-PeEL)EBL1823662
|
| 035 |
|
|
|a (CaPaEBR)ebr10959423
|
| 035 |
|
|
|a (CaONFJC)MIL653639
|
| 035 |
|
|
|a (OCoLC)888653261
|
| 040 |
|
|
|a MiAaPQ
|b eng
|e rda
|e pn
|c MiAaPQ
|d MiAaPQ
|
| 043 |
|
|
|a e-ne---
|a n------
|a s------
|a e-sp---
|
| 050 |
|
4 |
|a HF3615
|b .D87 2014
|
| 082 |
0 |
|
|a 382.0949207
|2 23
|
| 245 |
0 |
0 |
|a Dutch Atlantic connections, 1680-1800 :
|b linking empires, bridging borders /
|c edited by Gert Oostindie, Jessica V. Roitman ; contributors, Aviva Ben-Ur [and fifteen others].
|
| 264 |
|
1 |
|a Leiden, Netherlands :
|b Brill,
|c 2014.
|
| 264 |
|
4 |
|c 2014
|
| 300 |
|
|
|a 1 online resource (452 pages) :
|b illustrations.
|
| 336 |
|
|
|a text
|2 rdacontent
|
| 337 |
|
|
|a computer
|2 rdamedia
|
| 338 |
|
|
|a online resource
|2 rdacarrier
|
| 490 |
1 |
|
|a Atlantic World,
|x 1570-0542 ;
|v Volume 29
|
| 504 |
|
|
|a Includes bibliographical references and index.
|
| 588 |
|
|
|a Description based on print version record.
|
| 590 |
|
|
|a Electronic reproduction. Ann Arbor, MI : ProQuest, 2016. Available via World Wide Web. Access may be limited to ProQuest affiliated libraries.
|
| 651 |
|
0 |
|a Netherlands
|x Commerce
|z America
|x History
|y 17th century.
|
| 651 |
|
0 |
|a Netherlands
|x Commerce
|z America
|x History
|y 18th century.
|
| 651 |
|
0 |
|a America
|x Commerce
|z Netherlands
|x History
|y 17th century.
|
| 651 |
|
0 |
|a America
|x Commerce
|z Netherlands
|x History
|y 18th century.
|
| 651 |
|
0 |
|a Netherlands
|x Foreign economic relations
|z Spain.
|
| 655 |
|
4 |
|a Electronic books.
|
| 700 |
1 |
|
|a Oostindie, Gert,
|e editor.
|
| 700 |
1 |
|
|a Roitman, J.
|q (Jessica V.),
|e editor.
|
| 700 |
1 |
|
|a Ben-Ur, Aviva,
|e contributor.
|
| 776 |
0 |
8 |
|i Print version:
|t Dutch Atlantic connections, 1680-1800 : linking empires, bridging borders.
|d Leiden, Netherlands : Brill, c2014
|h xii, 440 pages
|k Atlantic world (Leiden, Netherlands) ; Volume 29.
|z 9789004271326
|w 2014014335
|
| 797 |
2 |
|
|a ProQuest (Firm)
|
| 830 |
|
0 |
|a Atlantic world (Leiden, Netherlands) ;
|v Volume 29.
|
| 856 |
4 |
0 |
|u https://ebookcentral.proquest.com/lib/matrademy/detail.action?docID=1823662
|z Click to View
|